Tijuana International Airport Destinations (Tijuana, Mexico) - Statistics

General Stats
  • This quiz has been taken 67 times
    13 since last reset
  • The average score is 23 of 40
Answer Stats
Airline Destination % Correct
Aeroméxico/Viva/Volaris Mexico City
100%
Mexicana de Aviación/Viva/Volaris Mexico City (AIFA)
100%
Volaris Toluca/Mexico City
100%
Viva/Volaris Cancún
90%
Aeroméxico/Viva/Volaris Guadalajara
80%
Viva/Volaris San José del Cabo
80%
Viva/Volaris Veracruz
80%
Volaris Acapulco
70%
Viva/Volaris León/Del Bajío
70%
Viva/Volaris Mazatlán
70%
Viva Mérida
70%
Viva/Volaris Monterrey
70%
American Eagle Phoenix (Sky Harbor)
70%
Viva/Volaris Puerto Vallarta
70%
Viva Tulum
70%
Hainan Airlines Beijing (Capital)
60%
Volaris Chihuahua
60%
Volaris Ciudad Juárez
60%
Viva/Volaris Culiacán
60%
Volaris Durango
60%
Viva/Volaris La Paz
60%
Viva/Volaris Morelia
60%
Viva/Volaris Puebla
60%
Volaris San Luis Potosí
60%
Volaris Aguascalientes
50%
Volaris Hermosillo
50%
Volaris Ixtapa/Zihuatanejo
50%
Viva/Volaris Oaxaca
50%
Viva/Volaris Querétaro
50%
Volaris Torreón/Gómez Palacio
50%
Volaris Ciudad Obregón
40%
Viva/Volaris Tuxtla Gutiérrez
40%
Volaris Zacatecas
40%
Volaris Loreto
30%
Volaris Los Mochis
30%
Viva Puerto Escondido
30%
Volaris Tepic
30%
Volaris Uruapan
20%
Volaris Colima
10%
Volaris Tapachula
10%
No matching quizzes found
Score Distribution
Percent of People with Each Score
Percentile by Number Answered
Your Score History
You have not taken this quiz since the last reset